000 00750nam a2200265 a 4500
001 30882
003 AR-BaAGN
005 20231223063207.0
007 ta
008 220625s2019 ag |||||r|||| ||||||spa d
020 _a978-987-28231-9-1
040 _dAR-BaAGN
_aAR-BaAGN
_bspa
_eaacr
100 1 _aMorgado, Juan Sebastián,
_d1947-
_94661
245 1 0 _aMartínez Estrada, Borges y el Viejo Vizcacha :
_bla grieta y los invariantes
250 _a2ª ed.
260 _aBuenos Aires :
_bAjedrez de Estilo,
_c2019.
300 _a488 páginas
336 _2rdacontent
_btxt
337 _2rdamedia
_bn
338 _2rdacarrier
_bnc
650 4 _aENSAYO HISTÓRICO
_954
650 4 _aHISTORIA ARGENTINA
_92450
942 _cLIBRO
_n0
999 _c30882
_d30882